00432nam a22001337a 4500999001700000100001000017100001100027245007000038260003000108300000900138700004200147942001100189952009800200 c58447d58444 aFahad a03IT13 aSecure Electronic Commerce with Set Protocol on Bison Simulator  aNawabshah:bQUEST,c2003. a65p. aDepartment of Mechanical Engineering  cTHESIS 00104070aQUESTCLbRESEARCHd2018-04-20l0pP/9-10r2018-04-20 00:00:00w2018-04-20yTHESIS